[Event "12th EUR-ch"]
[Site "Aix-les-Bains FRA"]
[Date "2011.03.23"]
[Round "2.130"]
[White "Dragomirescu, Robin-Alexandru"]
[Black "Hoyer, Hans-Gerd"]
[Result "1-0"]
[WhiteElo "2385"]
[BlackElo "2070"]
[EventDate "2011.03.22"]
[PlyCount "77"]

1.e4 g6 2.d4 Bg7 3.Nc3 c5 4.dxc5 Bxc3+ 5.bxc3 Qa5 6.Bd2 Qxc5 7.Nf3 Nf6 8.
Bd3 d6 9.O-O Bg4 10.h3 Bxf3 11.Qxf3 Nbd7 12.Qe2 O-O 13.Rab1 b6 14.Kh1 Qh5 
15.Qe1 g5 16.f4 Qh4 17.Qxh4 gxh4 18.Be1 d5 19.exd5 Nxd5 20.c4 N5f6 21.Bxh4
Rfd8 22.Rbe1 Kf8 23.Rf3 Rac8 24.Rfe3 Re8 25.Bg5 Ng8 26.Bxh7 Rxc4 27.Bxg8 
Kxg8 28.Rxe7 Rxe7 29.Rxe7 Rd4 30.f5 Kg7 31.h4 a6 32.h5 Kf8 33.h6 Kg8 34.
Kh2 Rg4 35.Rxd7 Rxg5 36.h7+ Kxh7 37.Rxf7+ Kg8 38.Rf6 b5 39.Rg6+ 1-0

[Event "12th EUR-ch"]
[Site "Aix-les-Bains FRA"]
[Date "2011.03.24"]
[Round "3.1"]
[White "Parligras, Mircea-Emilian"]
[Black "Nepomniachtchi, Ian"]
[Result "1-0"]
[WhiteElo "2598"]
[BlackElo "2729"]
[EventDate "2011.03.22"]
[PlyCount "83"]

1.d4 Nf6 2.c4 g6 3.Nc3 d5 4.cxd5 Nxd5 5.e4 Nxc3 6.bxc3 Bg7 7.Be3 c5 8.Qd2 
cxd4 9.cxd4 Nc6 10.Rd1 O-O 11.Nf3 Bg4 12.Be2 Rc8 13.O-O Bxf3 14.Bxf3 Na5 
15.Bg5 b6 16.e5 Qd7 17.Rfe1 Nc4 18.Qe2 e6 19.h4 h6 20.Bc1 b5 21.h5 g5 22.
Be4 Nb6 23.Bd3 Nd5 24.Bxb5 Qe7 25.Bd2 f5 26.exf6 Rxf6 27.Bc4 Qf7 28.Bxd5 
exd5 29.Bb4 Rf4 30.Bc5 Bf8 31.Qe6 Qxe6 32.Rxe6 Kf7 33.Ra6 Bxc5 34.dxc5 
Rxc5 35.Rxh6 Ra4 36.Rb1 d4 37.Rb7+ Kg8 38.Rg6+ Kh8 39.Rh6+ Kg8 40.Rd6 Rc8 
41.h6 d3 42.g3 1-0

[Event "12th EUR-ch"]
[Site "Aix-les-Bains FRA"]
[Date "2011.03.24"]
[Round "3.2"]
[White "Nikolic, Predrag"]
[Black "Motylev, Alexander"]
[Result "1/2-1/2"]
[WhiteElo "2596"]
[BlackElo "2677"]
[EventDate "2011.03.22"]
[PlyCount "178"]

1.d4 Nf6 2.Nf3 e6 3.g3 d5 4.Bg2 b5 5.O-O Bb7 6.Qd3 a6 7.a4 b4 8.c4 bxc3 9.
bxc3 c5 10.Nbd2 Nbd7 11.Ba3 c4 12.Qc2 Bxa3 13.Rxa3 Qc7 14.Rb1 O-O 15.Ne1 
Rab8 16.Raa1 a5 17.e4 Nxe4 18.Nxe4 dxe4 19.Bxe4 Bxe4 20.Qxe4 Nf6 21.Qc2 
Nd5 22.Nf3 Rb3 23.Rxb3 cxb3 24.Qxb3 Rb8 25.Qc2 Qxc3 26.Qxc3 Nxc3 27.Kf1 f6
28.Nd2 Rb4 29.Rc1 Nxa4 30.Nc4 h5 31.h4 Nb2 32.Nxa5 Rxd4 33.Ke2 Re4+ 34.Kf1
Nd3 35.Rd1 Ne5 36.Nb3 Rc4 37.Rd6 Kf7 38.Rd2 Rc7 39.Kg2 Ng4 40.Ra2 e5 41.
Nd2 Kg6 42.Nf1 Rc3 43.Nh2 Nh6 44.Nf1 Nf5 45.Rb2 Ra3 46.Nd2 Ra4 47.Nf1 Rg4 
48.Nh2 Rc4 49.Nf1 Ra4 50.Nd2 Ra1 51.Nf1 Re1 52.Ra2 Kh7 53.Rb2 Nd4 54.Ne3 
Re2 55.Rb7 Kh6 56.Ra7 Rb2 57.Nc4 Rc2 58.Ne3 Rc5 59.Ra6 Rc7 60.Nd5 Rd7 61.
Ne3 Kg6 62.Nc4 Re7 63.Ne3 Kf7 64.Ra2 Rc7 65.Nd5 Rd7 66.Ne3 Ne6 67.Nc4 g6 
68.Ra6 Rc7 69.Nd6+ Ke7 70.Ne4 Rc4 71.Ra7+ Rc7 72.Ra6 Rc4 73.Ra7+ Nc7 74.
Nd2 Rc6 75.Nf1 Ke6 76.Ne3 f5 77.Ra4 Ne8 78.Ra2 Nd6 79.Nf1 Rb6 80.Nd2 Kf6 
81.Nf3 Nf7 82.Ng1 Nd8 83.Nh3 Ne6 84.Ra5 e4 85.Ra2 Rc6 86.Kf1 Rb6 87.Kg2 
Rd6 88.Ra7 Rc6 89.Ra2 Rb6 1/2-1/2

[Event "12th EUR-ch"]
[Site "Aix-les-Bains FRA"]
[Date "2011.03.24"]
[Round "3.3"]
[White "Melkumyan, Hrant"]
[Black "Grachev, Boris"]
[Result "1/2-1/2"]
[WhiteElo "2593"]
[BlackElo "2675"]
[EventDate "2011.03.22"]
[PlyCount "112"]

1.d4 d5 2.c4 e6 3.Nf3 Nf6 4.g3 dxc4 5.Bg2 Bb4+ 6.Bd2 c5 7.O-O O-O 8.dxc5 
Bxc5 9.Qc2 Nbd7 10.Nc3 a6 11.Bf4 Qe7 12.Nd2 Nb6 13.Bg5 h6 14.Bxf6 Qxf6 15.
Nce4 Qe7 16.Nxc4 Bd7 17.Nxb6 Bxb6 18.Qb3 Ba5 19.Rfc1 Bc6 20.Nc5 Bxg2 21.
Kxg2 Rac8 22.Nd3 b5 23.Rxc8 Rxc8 24.a4 Qb7+ 25.f3 Bd8 26.axb5 axb5 27.Rc1 
Rxc1 28.Nxc1 Bf6 29.Nd3 Qc6 30.Qb4 g6 31.Kf2 h5 32.Qe4 Qc4 33.b4 Bc3 34.
Ke3 Kg7 35.Qxc4 bxc4 36.Nc1 Bxb4 37.Kd4 Bd2 38.Na2 h4 39.gxh4 Kh6 40.Kxc4 
Kh5 41.Nb4 Bf4 42.Nc6 Bc7 43.Kd4 Bxh2 44.Nd8 e5+ 45.Kd5 f5 46.Nf7 Kxh4 47.
Nxe5 g5 48.Nd3 g4 49.fxg4 fxg4 50.Ke4 Bg3 51.Kf5 Bc7 52.e4 g3 53.e5 g2 54.
Ne1 Bxe5 55.Nxg2+ Kg3 56.Kxe5 Kxg2 1/2-1/2

[Event "12th EUR-ch"]
[Site "Aix-les-Bains FRA"]
[Date "2011.03.24"]
[Round "3.4"]
[White "Brkic, Ante"]
[Black "Moiseenko, Alexander"]
[Result "0-1"]
[WhiteElo "2592"]
[BlackElo "2673"]
[EventDate "2011.03.22"]
[PlyCount "80"]

1.e4 c6 2.d4 d5 3.e5 Bf5 4.Nf3 e6 5.Be2 Nd7 6.O-O Nh6 7.Nbd2 Bg6 8.Nb3 Nf5
9.a4 Be7 10.a5 O-O 11.c4 Rc8 12.h3 Nh4 13.Nxh4 Bxh4 14.Be3 Be7 15.Nd2 c5 
16.cxd5 cxd4 17.Bxd4 Bc2 18.Qe1 exd5 19.Bg4 Rc6 20.Qe3 Nc5 21.b4 Ne6 22.b5
Nxd4 23.bxc6 Nxc6 24.Qc3 Bg6 25.a6 Bb4 26.Qc1 Qb6 27.axb7 Qxb7 28.Qb2 Qe7 
29.f4 h5 30.Bf3 Nd4 31.Nb3 Nc2 32.Ra4 h4 33.Qa2 a5 34.Nxa5 Qc5+ 35.Kh1 Ne3
36.Nb3 Qc4 37.Re1 Nf5 38.Qb2 Qxf4 39.e6 Qg3 40.exf7+ Bxf7 0-1

[Event "12th EUR-ch"]
[Site "Aix-les-Bains FRA"]
[Date "2011.03.24"]
[Round "3.5"]
[White "Nisipeanu, Liviu-Dieter"]
[Black "Tregubov, Pavel"]
[Result "1-0"]
[WhiteElo "2673"]
[BlackElo "2598"]
[EventDate "2011.03.22"]
[PlyCount "79"]

1.d4 d5 2.c4 e6 3.Nc3 c6 4.e3 Bd6 5.Nf3 f5 6.Bd3 Nf6 7.O-O O-O 8.b3 Bd7 9.
Bb2 Be8 10.Qc1 Bh5 11.Ne5 Nbd7 12.Nxd7 Qxd7 13.Ba3 Ne4 14.Bxd6 Qxd6 15.f3 
Nxc3 16.Qxc3 Rad8 17.c5 Qe7 18.f4 g5 19.b4 Kh8 20.Rf2 Rg8 21.Bf1 Be8 22.a4
a6 23.Rb1 Ra8 24.Rfb2 Qg7 25.Qd2 Bd7 26.Qf2 Qf6 27.b5 axb5 28.axb5 Ra3 29.
Rb3 Rxb3 30.Rxb3 Ra8 31.fxg5 Qxg5 32.h3 Ra5 33.bxc6 Bxc6 34.Kh2 Ra1 35.Bb5
Kg7 36.Bxc6 bxc6 37.Rb7+ Kf6 38.Rxh7 Ra3 39.Qb2 Rxe3 40.Qb8 1-0

[Event "12th EUR-ch"]
[Site "Aix-les-Bains FRA"]
[Date "2011.03.24"]
[Round "3.7"]
[White "Guseinov, Gadir"]
[Black "Nielsen, Peter Heine"]
[Result "1-0"]
[WhiteElo "2584"]
[BlackElo "2670"]
[EventDate "2011.03.22"]
[PlyCount "113"]

1.e4 c5 2.Nf3 d6 3.d4 cxd4 4.Nxd4 Nf6 5.Nc3 a6 6.Bg5 e6 7.f4 h6 8.Bh4 Qb6 
9.Qd2 Qxb2 10.Nb3 Be7 11.e5 dxe5 12.a3 exf4 13.Bf2 Nd5 14.Bd4 Bh4+ 15.g3 
fxg3 16.hxg3 Bxg3+ 17.Kd1 e5 18.Nxd5 exd4 19.Bh3 Nc6 20.Nb6 O-O 21.Na4 
Qxa1+ 22.Nxa1 Be5 23.Nb3 Bf6 24.Nb6 Bxh3 25.Rxh3 Rad8 26.Qg2 Ne5 27.Nd2 
Ng6 28.Qxb7 Rfe8 29.Rf3 Re7 30.Qxa6 Re6 31.Qb7 Re7 32.Qa6 Re6 33.a4 Ne5 
34.Rg3 d3 35.cxd3 Bh4 36.Rh3 Bf2 37.a5 Nd7 38.Rf3 Bxb6 39.axb6 Rxb6 40.Qa7
Rbb8 41.Rf5 Ra8 42.Qc7 Nf6 43.Ra5 Rac8 44.Qb7 Rb8 45.Qf3 Nh7 46.Ne4 Rd7 
47.Nc5 Rdd8 48.Ne4 Rd7 49.Kd2 Rbd8 50.Ra1 Nf8 51.Nc5 Rc7 52.Ra5 Kh7 53.Ra8
Rxa8 54.Qxa8 Rxc5 55.Qxf8 Rf5 56.d4 h5 57.Qe7 1-0

[Event "12th EUR-ch"]
[Site "Aix-les-Bains FRA"]
[Date "2011.03.24"]
[Round "3.8"]
[White "Mikhalevski, Victor"]
[Black "Khismatullin, Denis"]
[Result "1/2-1/2"]
[WhiteElo "2584"]
[BlackElo "2662"]
[EventDate "2011.03.22"]
[PlyCount "85"]

1.d4 g6 2.c4 Bg7 3.e4 d6 4.Nc3 Nf6 5.Be2 O-O 6.Nf3 e5 7.O-O exd4 8.Nxd4 
Re8 9.f3 c6 10.Kh1 Nh5 11.g4 Nf6 12.Be3 h5 13.g5 Nh7 14.Rg1 Nd7 15.Qd2 Ne5
16.Rad1 a6 17.a4 c5 18.Nc2 Be6 19.Nd5 Bxd5 20.cxd5 b5 21.a5 b4 22.Ra1 f6 
23.gxf6 Qxf6 24.Raf1 Kh8 25.b3 Qf7 26.Bh6 Bxh6 27.Qxh6 Qf8 28.Qxf8+ Rxf8 
29.f4 Ng4 30.Bd3 Rae8 31.h3 Ngf6 32.Re1 Nd7 33.e5 dxe5 34.Bxg6 Re7 35.f5 
Ndf6 36.Ne3 Rd8 37.Rd1 Ne4 38.Nc4 Nf2+ 39.Kg2 Nxd1 40.Rxd1 Kg7 41.d6 Nf6 
42.Kf3 Red7 43.Ke3 1/2-1/2

[Event "12th EUR-ch"]
[Site "Aix-les-Bains FRA"]
[Date "2011.03.24"]
[Round "3.9"]
[White "Potkin, Vladimir"]
[Black "Pantsulaia, Levan"]
[Result "1-0"]
[WhiteElo "2653"]
[BlackElo "2595"]
[EventDate "2011.03.22"]
[PlyCount "163"]

1.d4 Nf6 2.c4 c5 3.d5 e6 4.Nc3 exd5 5.cxd5 d6 6.e4 g6 7.h3 Bg7 8.Nf3 O-O 
9.Bd3 Re8 10.O-O c4 11.Bxc4 Nxe4 12.Nxe4 Rxe4 13.Bg5 Qf8 14.Bd3 Re8 15.Re1
Nd7 16.Rxe8 Qxe8 17.Qa4 Nf6 18.Qb3 h6 19.Re1 Qd8 20.Bf4 Bf8 21.Bc4 Nd7 22.
Qe3 g5 23.Bg3 Nb6 24.Bb3 Qf6 25.h4 Bd7 26.hxg5 hxg5 27.Qxg5+ Qxg5 28.Nxg5 
Kg7 29.Ne4 Re8 30.Re3 Nc8 31.Bh4 Kh6 32.Bg5+ Kg6 33.Rg3 Rxe4 34.Be7+ Rg4 
35.Rxg4+ Bxg4 36.Bxf8 Bf5 37.f3 f6 38.Kf2 a6 39.g4 Bb1 40.a3 Kh7 41.a4 Kg6
42.a5 f5 43.Kg3 fxg4 44.fxg4 Be4 45.Kf4 Bg2 46.Bc4 Kf7 47.Bh6 Ne7 48.Kg3 
Bxd5 49.Bd3 Nc6 50.Bd2 Ne5 51.Be2 Bc4 52.Bd1 Kg6 53.Bc3 Bd5 54.Bc2+ Kg5 
55.Bd2+ Kf6 56.g5+ Ke7 57.Bc3 Nc4 58.Bd3 Ne3 59.Kf4 Ng2+ 60.Kg4 Be6+ 61.
Kf3 Bd5+ 62.Kg3 Ne3 63.g6 Bg8 64.Kf4 Nd5+ 65.Kg5 Be6 66.Be4 b5 67.Bd4 Kf8 
68.Kh6 Ne7 69.Bg7+ Kg8 70.Bf6 d5 71.Bd3 Nf5+ 72.Kg5 Nd6 73.Bd4 Ne8 74.Kf4 
Kf8 75.Bc5+ Kg7 76.Ke5 Bg8 77.Bd4 Kf8 78.Bf5 Ke7 79.Bc5+ Kd8 80.Bb6+ Ke7 
81.b4 d4 82.Bxd4 1-0

[Event "12th EUR-ch"]
[Site "Aix-les-Bains FRA"]
[Date "2011.03.24"]
[Round "3.10"]
[White "Bartel, Mateusz"]
[Black "Mastrovasilis, Dimitrios"]
[Result "1/2-1/2"]
[WhiteElo "2638"]
[BlackElo "2584"]
[EventDate "2011.03.22"]
[PlyCount "96"]

1.c4 c6 2.e4 d5 3.exd5 Nf6 4.Nc3 cxd5 5.d4 Nc6 6.Bg5 dxc4 7.Bxc4 h6 8.Bh4 
Qxd4 9.Qxd4 Nxd4 10.O-O-O e5 11.Nf3 Nxf3 12.gxf3 Be6 13.Bb5+ Nd7 14.f4 g5 
15.fxg5 Be7 16.Nd5 Rc8+ 17.Kb1 Bf5+ 18.Ka1 hxg5 19.Nxe7 Kxe7 20.Bxg5+ f6 
21.Be3 a6 22.Be2 Rc2 23.Rde1 Be4 24.Rhg1 Rxh2 25.Bd1 Rc7 26.Bb3 Rg2 27.Rh1
Rg7 28.Rh4 Bf5 29.f4 Be6 30.fxe5 Nxe5 31.Bd4 Rc6 32.Rh5 Nd7 33.Kb1 Kf7 34.
Rd5 Nf8 35.Bc3 Bxd5 36.Bxd5+ Ne6 37.Bxc6 bxc6 38.Rf1 Rg6 39.Kc2 Nc5 40.Rf4
Ke6 41.Rc4 Rg2+ 42.Kd1 Rg5 43.Bb4 Nd3 44.Rxc6+ Kd5 45.Rd6+ Ke4 46.Bd2 
Nxb2+ 47.Kc2 Nc4 48.Bxg5 Nxd6 1/2-1/2

[Event "12th EUR-ch"]
[Site "Aix-les-Bains FRA"]
[Date "2011.03.24"]
[Round "3.11"]
[White "Khairullin, Ildar"]
[Black "Halkias, Stelios"]
[Result "1/2-1/2"]
[WhiteElo "2634"]
[BlackElo "2579"]
[EventDate "2011.03.22"]
[PlyCount "36"]

1.c4 f5 2.Nf3 Nf6 3.g3 g6 4.Bg2 Bg7 5.O-O O-O 6.d4 d6 7.Nc3 c6 8.Rb1 a5 9.
Qb3 Kh8 10.Rd1 Qe8 11.Na4 Nbd7 12.Ng5 e6 13.c5 d5 14.Bf4 h6 15.Nf3 g5 16.
Bd6 Rg8 17.Ne5 Nxe5 18.Bxe5 Nd7 1/2-1/2

[Event "12th EUR-ch"]
[Site "Aix-les-Bains FRA"]
[Date "2011.03.24"]
[Round "3.12"]
[White "Ter-Sahakyan, Samvel"]
[Black "Hracek, Zbynek"]
[Result "1-0"]
[WhiteElo "2575"]
[BlackElo "2631"]
[EventDate "2011.03.22"]
[PlyCount "101"]

1.e4 e5 2.Nf3 Nc6 3.Bb5 a6 4.Ba4 Nf6 5.O-O Be7 6.Re1 b5 7.Bb3 O-O 8.d4 d6 
9.c3 Bg4 10.Be3 exd4 11.cxd4 Na5 12.Bc2 c5 13.h3 Bh5 14.g4 Bg6 15.Nbd2 Re8
16.Rc1 Nd7 17.b3 Bf6 18.Bb1 Nc6 19.d5 Nd4 20.Bf4 Nxf3+ 21.Nxf3 Qb6 22.h4 
h6 23.g5 hxg5 24.Nxg5 Nf8 25.Qg4 Ra7 26.h5 Bh7 27.Nxh7 Nxh7 28.Qf5 g6 29.
Qg4 Bd4 30.hxg6 fxg6 31.Bh6 Kh8 32.Kg2 Nf6 33.Qg5 Rf7 34.Re2 Qd8 35.Rh1 
Rh7 36.f4 Nh5 37.Qxd8 Rxd8 38.Bg5 Rf8 39.e5 Nxf4+ 40.Bxf4 Rxh1 41.Kxh1 
Rxf4 42.exd6 Bf6 43.d7 Kg7 44.Re6 Bd8 45.Re8 Rf8 46.Bxg6 c4 47.bxc4 bxc4 
48.Kg2 c3 49.Bc2 Bb6 50.Kg3 Rf2 51.d8=Q 1-0

[Event "12th EUR-ch"]
[Site "Aix-les-Bains FRA"]
[Date "2011.03.24"]
[Round "3.13"]
[White "Iordachescu, Viorel"]
[Black "Jones, Gawain"]
[Result "1-0"]
[WhiteElo "2626"]
[BlackElo "2578"]
[EventDate "2011.03.22"]
[PlyCount "101"]

1.c4 e5 2.Nc3 Bb4 3.g3 Bxc3 4.bxc3 d6 5.Bg2 Nc6 6.d3 f5 7.f4 Nf6 8.fxe5 
dxe5 9.Nf3 e4 10.Ng5 Qe7 11.O-O h6 12.Nh3 g5 13.Qb3 b6 14.Nf2 Bd7 15.Ba3 
Qe6 16.c5 O-O-O 17.cxb6 axb6 18.dxe4 fxe4 19.Qxe6 Bxe6 20.Nd1 Nd5 21.c4 
Ndb4 22.Bxe4 Bxc4 23.Nc3 Nd5 24.Rac1 Nd4 25.Bxd5 Bxd5 26.Be7 Rde8 27.Nxd5 
Nxe2+ 28.Kf2 Nxc1 29.Rxc1 Kd7 30.Bb4 Rc8 31.Nf6+ Ke6 32.Rc6+ Kf7 33.Ng4 
Rh7 34.Nxh6+ Ke8 35.Ng4 Kf7 36.Kg2 Rg7 37.a3 Kg8 38.Bc3 Re7 39.Nh6+ Kh7 
40.Nf5 Re2+ 41.Kf3 Rxh2 42.Kg4 Rh1 43.Bd4 b5 44.Bc3 Rh2 45.Ne7 Rf8 46.Rxc7
Rf7 47.Rc8 Rxe7 48.Rh8+ Kg6 49.Rxh2 Re4+ 50.Kf3 Rc4 51.Bb4 1-0

[Event "12th EUR-ch"]
[Site "Aix-les-Bains FRA"]
[Date "2011.03.24"]
[Round "3.14"]
[White "Zhigalko, Andrey"]
[Black "Lupulescu, Constantin"]
[Result "1-0"]
[WhiteElo "2571"]
[BlackElo "2626"]
[EventDate "2011.03.22"]
[PlyCount "93"]

1.e4 c6 2.d4 d5 3.e5 Bf5 4.Nf3 e6 5.Be2 c5 6.Be3 Qb6 7.Nc3 Nc6 8.Bb5 c4 9.
O-O a6 10.Bxc6+ Qxc6 11.Nh4 Bb4 12.Nxf5 exf5 13.Ne2 Ne7 14.c3 Ba5 15.Bg5 
Nc8 16.Qc2 h6 17.Bd2 Ne7 18.Ng3 g6 19.b4 Bd8 20.a4 Qd7 21.Rfe1 Kf8 22.h4 
Nc6 23.h5 Qe6 24.b5 Na5 25.hxg6 fxg6 26.Ne2 Bg5 27.Nc1 Kg7 28.Rb1 Be7 29.
Ne2 Bg5 30.bxa6 bxa6 31.g3 Nb3 32.Be3 Qc6 33.Nc1 Bxe3 34.Rxe3 Qxa4 35.e6 
Rab8 36.Qd1 a5 37.Ne2 Qc6 38.Nf4 a4 39.e7 a3 40.Re6 Qe8 41.Qe2 Nxd4 42.
Qe5+ Kh7 43.Qxh8+ Qxh8 44.Rxb8 Qxb8 45.e8=Q Qb1+ 46.Kh2 Nf3+ 47.Kg2 1-0

[Event "12th EUR-ch"]
[Site "Aix-les-Bains FRA"]
[Date "2011.03.24"]
[Round "3.15"]
[White "Kozul, Zdenko"]
[Black "Vuckovic, Bojan"]
[Result "1/2-1/2"]
[WhiteElo "2568"]
[BlackElo "2626"]
[EventDate "2011.03.22"]
[PlyCount "82"]

1.d4 Nf6 2.Nf3 d5 3.c4 c6 4.Nc3 dxc4 5.a4 Bf5 6.e3 e6 7.Bxc4 Bb4 8.O-O 
Nbd7 9.Qb3 a5 10.Rd1 O-O 11.Ne5 Nxe5 12.dxe5 Nd7 13.e4 Bg4 14.Be2 Bxe2 15.
Nxe2 Qc7 16.Qg3 Nxe5 17.Bf4 f6 18.Nd4 Rae8 19.Rac1 Qf7 20.Bxe5 fxe5 21.Nf3
Qf4 22.Qxf4 exf4 23.h4 Rd8 24.Kf1 Kf7 25.Ke2 Ke7 26.b3 Rd6 27.Rxd6 Bxd6 
28.e5 Bc7 29.Kd3 Rd8+ 30.Ke4 Bb6 31.Rf1 h6 32.h5 Bc5 33.g3 fxg3 34.fxg3 b5
35.Rc1 Rd5 36.g4 Kd7 37.Rc2 Be7 38.Nd4 Rc5 39.Rxc5 Bxc5 40.Ne2 Bb4 41.Nf4 
Be7 1/2-1/2

[Event "12th EUR-ch"]
[Site "Aix-les-Bains FRA"]
[Date "2011.03.24"]
[Round "3.16"]
[White "L'Ami, Erwin"]
[Black "Papin, Vasily"]
[Result "1/2-1/2"]
[WhiteElo "2623"]
[BlackElo "2569"]
[EventDate "2011.03.22"]
[PlyCount "65"]

1.d4 d5 2.c4 c6 3.Nf3 Nf6 4.Nc3 e6 5.e3 Nbd7 6.Bd3 dxc4 7.Bxc4 b5 8.Bd3 
Bd6 9.O-O O-O 10.Qc2 Bb7 11.a3 a5 12.e4 e5 13.dxe5 Nxe5 14.Nxe5 Bxe5 15.h3
Re8 16.Be3 Bd4 17.Bxd4 Qxd4 18.Rad1 Qc5 19.Rfe1 Qg5 20.Qd2 Qxd2 21.Rxd2 
Rad8 22.Red1 g6 23.f3 Kf8 24.Kf2 Bc8 25.Bf1 Rxd2+ 26.Rxd2 Nd7 27.Ne2 Ke7 
28.Nd4 Bb7 29.Nb3 Ra8 30.Ke3 f6 31.h4 a4 32.Nd4 Ra6 33.g3 1/2-1/2

[Event "12th EUR-ch"]
[Site "Aix-les-Bains FRA"]
[Date "2011.03.24"]
[Round "3.18"]
[White "Macieja, Bartlomiej"]
[Black "Maze, Sebastien"]
[Result "1/2-1/2"]
[WhiteElo "2619"]
[BlackElo "2559"]
[EventDate "2011.03.22"]
[PlyCount "119"]

1.d4 Nf6 2.c4 g6 3.Nc3 Bg7 4.e4 d6 5.Nf3 O-O 6.h3 e5 7.d5 Nh5 8.Nh2 Qe8 9.
Be2 Nf4 10.Bf3 f5 11.g3 Nxh3 12.Bg2 fxe4 13.Be3 Na6 14.Nxe4 Nf4 15.Bf3 Bf5
16.Qd2 b5 17.Rc1 g5 18.Rg1 Nh3 19.Rf1 Qg6 20.Bg2 Nf4 21.f3 Nxg2+ 22.Qxg2 
Nb4 23.cxb5 Nxd5 24.Bd2 a6 25.bxa6 Rxa6 26.g4 Be6 27.a3 Rb8 28.Bxg5 h6 29.
Bh4 Nf4 30.Qd2 Rxb2 31.Rc2 Rb7 32.Bg3 Rxa3 33.Kf2 Nh3+ 34.Kg2 Ng5 35.Nxg5 
hxg5 36.Rfc1 Rd3 37.Qa5 Bd5 38.Rxc7 Rxc7 39.Qxc7 e4 40.Qxd6 exf3+ 41.Kf1 
Qxd6 42.Bxd6 Bd4 43.Ke1 Kf7 44.Nf1 Ke6 45.Bc5 Bf6 46.Kf2 Rb3 47.Rc2 Rb5 
48.Be3 Be7 49.Nh2 Rb8 50.Bd4 Rb4 51.Be3 Be4 52.Ra2 Rb3 53.Nxf3 Bxf3 54.
Kxf3 Bc5 55.Re2 Ke5 56.Re1 Rd3 57.Re2 Bb6 58.Re1 Kd5 59.Re2 Bxe3 60.Rxe3 
1/2-1/2

[Event "12th EUR-ch"]
[Site "Aix-les-Bains FRA"]
[Date "2011.03.24"]
[Round "3.19"]
[White "Savchenko, Boris"]
[Black "Petrik, Tomas"]
[Result "1-0"]
[WhiteElo "2616"]
[BlackElo "2536"]
[EventDate "2011.03.22"]
[PlyCount "53"]

1.e4 e6 2.d4 d5 3.Nc3 Bb4 4.e5 Ne7 5.a3 Bxc3+ 6.bxc3 c5 7.h4 Qc7 8.Nf3 b6 
9.h5 h6 10.Bb5+ Bd7 11.Bd3 Nbc6 12.Rh4 Nf5 13.Rg4 O-O 14.Bf4 Kh8 15.Qd2 
Nce7 16.Rxg7 Kxg7 17.g4 Rh8 18.gxf5 Ng8 19.f6+ Kf8 20.Nh4 Be8 21.Qe3 cxd4 
22.Qg3 Qxc3+ 23.Ke2 Ba4 24.Qg7+ Ke8 25.Rc1 Rc8 26.Qxh8 Kd7 27.Qg7 1-0

[Event "12th EUR-ch"]
[Site "Aix-les-Bains FRA"]
[Date "2011.03.24"]
[Round "3.20"]
[White "Esen, Baris"]
[Black "Azarov, Sergei"]
[Result "1/2-1/2"]
[WhiteElo "2528"]
[BlackElo "2615"]
[EventDate "2011.03.22"]
[PlyCount "58"]

1.d4 Nf6 2.c4 g6 3.Nf3 Bg7 4.g3 c6 5.Bg2 d5 6.Qb3 dxc4 7.Qxc4 O-O 8.O-O 
Bf5 9.Nc3 Nbd7 10.Bf4 Qb6 11.b3 a5 12.Rfd1 Ne4 13.Rac1 Nxc3 14.Qxc3 a4 15.
Qe3 axb3 16.axb3 Nf6 17.Qxe7 Rfe8 18.Qc5 Qxc5 19.dxc5 Nd5 20.Bf1 Ra3 21.
Nd4 Bxd4 22.Rxd4 Nxf4 23.Rxf4 Rxb3 24.Rd4 Re4 25.Rd2 Reb4 26.f3 Kg7 27.Kf2
Be6 28.e4 h5 29.h4 Ra3 1/2-1/2

[Event "12th EUR-ch"]
[Site "Aix-les-Bains FRA"]
[Date "2011.03.24"]
[Round "3.21"]
[White "Ragger, Markus"]
[Black "Lobzhanidze, Davit"]
[Result "1-0"]
[WhiteElo "2614"]
[BlackElo "2489"]
[EventDate "2011.03.22"]
[PlyCount "63"]

1.c4 Nf6 2.Nc3 e5 3.g3 Nc6 4.Bg2 Bc5 5.Nf3 d6 6.O-O O-O 7.d3 h6 8.a3 a6 9.
b4 Ba7 10.Bb2 Be6 11.Rc1 Qd7 12.e3 Rac8 13.Re1 Bh3 14.Bh1 Bg4 15.Qc2 Nh7 
16.Nd5 f5 17.b5 Nd8 18.bxa6 bxa6 19.c5 Ne6 20.cxd6 cxd6 21.Qxc8 Rxc8 22.
Rxc8+ Nhf8 23.Nd2 Qb5 24.Nc4 Kh7 25.Bg2 Qd7 26.Ra8 Ng5 27.Rxf8 Nf3+ 28.
Bxf3 Bxf3 29.e4 f4 30.Bxe5 dxe5 31.Nxe5 Qd6 32.Rh8+ 1-0

[Event "12th EUR-ch"]
[Site "Aix-les-Bains FRA"]
[Date "2011.03.24"]
[Round "3.22"]
[White "Stevic, Hrvoje"]
[Black "Bellaiche, Anthony"]
[Result "1/2-1/2"]
[WhiteElo "2611"]
[BlackElo "2472"]
[EventDate "2011.03.22"]
[PlyCount "43"]

1.e4 c5 2.d3 Nc6 3.f4 d6 4.Nf3 g6 5.Be2 Bg7 6.O-O e6 7.c3 Nf6 8.Kh1 O-O 9.
a4 b6 10.Na3 Bb7 11.Rb1 Nd7 12.Qe1 Qe7 13.b4 cxb4 14.cxb4 a5 15.bxa5 Nxa5 
16.Bd1 Nc5 17.Bc2 Bc6 18.Nb5 Nab7 19.Qd1 f5 20.Re1 fxe4 21.dxe4 Kh8 22.
Nfd4 1/2-1/2

[Event "12th EUR-ch"]
[Site "Aix-les-Bains FRA"]
[Date "2011.03.24"]
[Round "3.23"]
[White "Grigoryan, Avetik"]
[Black "Javakhishvili, Lela"]
[Result "1/2-1/2"]
[WhiteElo "2608"]
[BlackElo "2437"]
[EventDate "2011.03.22"]
[PlyCount "49"]

1.Nf3 d5 2.c4 d4 3.b4 a5 4.b5 c5 5.e3 f6 6.exd4 cxd4 7.Nh4 Nh6 8.d3 Nf7 9.
g3 Nd7 10.Bg2 Nc5 11.O-O g5 12.Nf3 Bf5 13.Ne1 Qd7 14.Ba3 e6 15.Bxc5 Bxc5 
16.Nd2 a4 17.Ne4 Be7 18.c5 Bxe4 19.dxe4 Bxc5 20.Nd3 Bd6 21.f4 gxf4 22.gxf4
h5 23.Kh1 Be7 24.Rc1 Ba3 25.Rc4 1/2-1/2

[Event "12th EUR-ch"]
[Site "Aix-les-Bains FRA"]
[Date "2011.03.24"]
[Round "3.24"]
[White "Vaisser, Anatoly"]
[Black "Zakhartsov, Viacheslav"]
[Result "1-0"]
[WhiteElo "2522"]
[BlackElo "2608"]
[EventDate "2011.03.22"]
[PlyCount "57"]

1.d4 Nf6 2.c4 e6 3.Nc3 Bb4 4.e3 b6 5.Ne2 c5 6.a3 Ba5 7.Rb1 Na6 8.g3 Bb7 9.
d5 b5 10.Bg2 bxc4 11.O-O O-O 12.e4 d6 13.Bg5 Nc7 14.e5 dxe5 15.d6 Bxg2 16.
Bxf6 Qxf6 17.Kxg2 Nd5 18.Nxd5 exd5 19.Qxd5 Rad8 20.d7 e4 21.Kg1 Qe7 22.
Rbd1 e3 23.fxe3 Qxe3+ 24.Rf2 Rb8 25.Qxc4 h6 26.Rd3 Qe5 27.Nc3 Bxc3 28.bxc3
Qe7 29.Rd1 1-0

[Event "12th EUR-ch"]
[Site "Aix-les-Bains FRA"]
[Date "2011.03.24"]
[Round "3.25"]
[White "Dubov, Daniil"]
[Black "Reinderman, Dimitri"]
[Result "1/2-1/2"]
[WhiteElo "2489"]
[BlackElo "2601"]
[EventDate "2011.03.22"]
[PlyCount "80"]

1.d4 f5 2.g3 Nf6 3.Nf3 e6 4.Bg2 d5 5.c4 c6 6.Nbd2 Bd6 7.Ne5 O-O 8.O-O b6 
9.Nd3 Ne4 10.Qc2 a5 11.Nf3 Ba6 12.Nfe5 Ra7 13.Rd1 Qe7 14.Be3 Rc8 15.Rac1 
Nd7 16.cxd5 cxd5 17.Qxc8+ Bxc8 18.Rxc8+ Nf8 19.Nc6 Qd7 20.Nxa7 Qxa7 21.
Rdc1 h6 22.Bxe4 dxe4 23.Bf4 Qe7 24.Bxd6 Qxd6 25.Nf4 Kh7 26.R1c6 Qb4 27.
R8c7 Qe1+ 28.Kg2 e3 29.fxe3 Ng6 30.Rc2 Nxf4+ 31.exf4 Qd1 32.e3 Qd3 33.R7c3
Qe4+ 34.Kg1 b5 35.b3 b4 36.Rc5 Qxe3+ 37.Rf2 Qe1+ 38.Kg2 Qe4+ 39.Kg1 Qe1+ 
40.Kg2 Qe4+ 1/2-1/2

[Event "12th EUR-ch"]
[Site "Aix-les-Bains FRA"]
[Date "2011.03.24"]
[Round "3.26"]
[White "Wirig, Anthony"]
[Black "Svidler, Peter"]
[Result "1/2-1/2"]
[WhiteElo "2480"]
[BlackElo "2730"]
[EventDate "2011.03.22"]
[PlyCount "74"]

1.d4 Nf6 2.c4 g6 3.Nc3 d5 4.cxd5 Nxd5 5.Bd2 Bg7 6.e4 Nb6 7.Be3 O-O 8.h3 e5
9.Nf3 exd4 10.Bxd4 Bxd4 11.Qxd4 Be6 12.Qc5 N8d7 13.Qe3 Qe7 14.Be2 c6 15.
O-O Bc4 16.Rfe1 Rfe8 17.b3 Bxe2 18.Rxe2 Qc5 19.Rd1 Qxe3 20.Rxe3 Re7 21.Ne1
a5 22.f3 a4 23.Nc2 axb3 24.axb3 h5 25.h4 Nc5 26.b4 Ne6 27.Red3 Nc4 28.Rd7 
Kf8 29.Rxe7 Kxe7 30.b5 cxb5 31.Rb1 Nc7 32.Nxb5 Nxb5 33.Rxb5 b6 34.Rb4 Rc8 
35.Nd4 Kd6 36.Nb5+ Kd7 37.Nd4 Kd6 1/2-1/2

[Event "12th EUR-ch"]
[Site "Aix-les-Bains FRA"]
[Date "2011.03.24"]
[Round "3.27"]
[White "Ftacnik, Lubomir"]
[Black "Navara, David"]
[Result "1/2-1/2"]
[WhiteElo "2578"]
[BlackElo "2722"]
[EventDate "2011.03.22"]
[PlyCount "84"]

1.Nf3 Nf6 2.c4 e6 3.Nc3 d5 4.d4 c6 5.e3 a6 6.b3 Bb4 7.Bd2 Nbd7 8.Bd3 O-O 
9.O-O Bd6 10.Rc1 Re8 11.h3 e5 12.dxe5 Nxe5 13.Nxe5 Bxe5 14.cxd5 Nxd5 15.
Nxd5 Qxd5 16.Bc4 Qe4 17.Bc3 Bf5 18.Qh5 g6 19.Qg5 Bxc3 20.Rxc3 Rad8 21.g4 
Bc8 22.Qf6 Qe7 23.Qxe7 Rxe7 24.Rd3 Red7 25.Rfd1 b5 26.Rxd7 Rxd7 27.Rxd7 
Bxd7 28.Bd3 c5 29.f4 f5 30.g5 Bc6 31.Kf2 Be4 32.Be2 h5 33.gxh6 Kh7 34.Ke1 
Bb7 35.a4 bxa4 36.bxa4 a5 37.Kd2 Kxh6 38.h4 Bc6 39.Bd1 Bd5 40.Kc3 Bf7 41.
Bb3 Be8 42.Bd1 Bf7 1/2-1/2

[Event "12th EUR-ch"]
[Site "Aix-les-Bains FRA"]
[Date "2011.03.24"]
[Round "3.28"]
[White "Zherebukh, Yaroslav"]
[Black "Vitiugov, Nikita"]
[Result "1/2-1/2"]
[WhiteElo "2560"]
[BlackElo "2720"]
[EventDate "2011.03.22"]
[PlyCount "53"]

1.e4 e6 2.d4 d5 3.e5 c5 4.c3 Qb6 5.Nf3 Nc6 6.a3 Bd7 7.b4 cxd4 8.cxd4 Rc8 
9.Bb2 Nh6 10.Nc3 Na5 11.Na4 Qc6 12.Nc5 Nc4 13.Bc1 Nf5 14.Bd3 b6 15.Nxd7 
Qxd7 16.h4 h5 17.Bxf5 exf5 18.O-O g6 19.Ra2 Bg7 20.Ng5 O-O 21.Re1 Rfe8 22.
Rae2 a6 23.Nh3 Rc6 24.Qd3 f6 25.exf6 Rxe2 26.Rxe2 Rxf6 27.Ng5 1/2-1/2